Band Names Synonyms #QCCMusic - Statistics

General Stats
  • This quiz has been taken 38 times
  • The average score is 10 of 15
Answer Stats
Popular song New Band Name Original Band Name % Correct
Return to Dark Firearms and Flowers Guns N'Roses
100%
Contentment The Rotating Pebbles The Rolling Stones
100%
Sir Lightborder The Murderers The Killers
94%
Awake me Once September Finishes Emerald Twenty-Four Hours Green Day
91%
Neon Teenager Polar Primates Arctic Monkeys
84%
Stinks Similar to Juvenile Soul Paradise Nirvana
84%
Heaven Packed With Suns Chilly Performance Coldplay
81%
May I Remain or May I Leave? The Discord The Clash
63%
Professor Azure Airspace Lightbulb Band Electric Light Orchestra
59%
Men Never Weep The Vaccine The Cure
53%
Following Automobiles Ice Brigade Snow Patrol
44%
Amazementbarrier Spring Oasis
38%
Princes of Jazz Grim Gulfs Dire Straits
31%
Oi You! Rejekt Outkast
31%
Fate Lizard Civilisation Crew Culture Club
25%
No matching quizzes found
Score Distribution
Percent of People with Each Score
Percentile by Number Answered
Your Score History
You have not taken this quiz